[Event "Vietnam National Masters Women 2012"]
[Site "Ho Chi Minh City VIE"]
[Date "2012.11.30"]
[Round "2.6"]
[White "Nguyen,Thi Thuy Trien"]
[Black "Doan,Thi Hong Nhung"]
[Result "0-1"]
[WhiteTitle "WF"]
[WhiteElo "1963"]
[BlackElo "1849"]
[WhiteFideId "12404179"]
[BlackFideId "12403547"]
[EventDate "2012.11.29"]

1. d4 d5 2. c4 dxc4 3. Nc3 e5 4. d5 c6 5. e4 Nf6 6. Bg5 Bb4 7. Bxf6 Qxf6 8. Bxc4
O-O 9. Ne2 Nd7 10. O-O Nb6 11. Bb3 Bd7 12. a3 Bxc3 13. Nxc3 Rfd8 14. Qe2 Rac8
15. Qe3 cxd5 16. exd5 Re8 17. Rad1 h6 18. Qg3 Nc4 19. d6 Nxd6 20. Qd3 Rc6 21.
Ba4 Rxc3 22. Qxd6 Bxa4 23. bxc3 Bxd1 24. Qxd1 e4 25. c4 Qe7 26. Qd5 Rd8 27. Qb5
a6 28. Qb6 Rd3 29. Qb2 Rxa3 30. h3 Rd3 31. Rb1 Rd7 32. Re1 Rc7 33. Qd4 f5 34. f3
Qc5 35. Qxc5 Rxc5 36. fxe4 Rxc4 37. exf5 Rb4 38. Kh2 Kf7 39. g4 Rb3 40. Ra1 Kf6
41. Ra5 Kg5 42. Kg2 Rb5 43. Ra2 Kh4 44. Rd2 a5 45. Rd7 a4 46. Rxg7 a3 47. Rg8 a2
48. Ra8 Rb2+ 49. Kf3 Kg5 50. Ke4 b5 51. Ra6 b4 52. Kf3 Rb3+ 53. Ke4 Ra3 54. Rg6+
Kh4 55. Kf4 0-1

[Event "Vietnam National Masters Women 2012"]
[Site "Ho Chi Minh City VIE"]
[Date "2012.11.30"]
[Round "2.8"]
[White "Nguyen,Thi Thu Huyen"]
[Black "Huynh,T"]
[Result "0-1"]
[WhiteElo "2082"]
[BlackElo "1859"]
[WhiteFideId "12404365"]
[BlackFideId "12403482"]
[EventDate "2012.11.29"]

1. d4 g6 2. c4 Bg7 3. e4 d6 4. Nc3 b6 5. Be3 Bb7 6. Bd3 e6 7. Nge2 Ne7 8. Qd2 a6
9. f3 Nd7 10. Bh6 Bf6 11. g4 Nc6 12. Be3 h6 13. O-O-O Qe7 14. d5 Nce5 15. dxe6
fxe6 16. f4 Nxd3+ 17. Qxd3 O-O-O 18. Rhf1 Rhe8 19. Qc2 g5 20. Kb1 gxf4 21. Bxf4
Bg5 22. Bg3 Qh7 23. h4 Bf6 24. Rde1 Be5 25. Rg1 Rf8 26. g5 hxg5 27. hxg5 Qg6 28.
Bh4 Rf3 29. Rgf1 Rdf8 30. Rxf3 Rxf3 31. Ka1 Nc5 32. Ng1 Rf8 33. Nge2 Qh5 34. Bg3
Qxg5 35. Bxe5 Qxe5 36. Nc1 Qg3 37. Rh1 Qf3 38. Re1 Rg8 39. Qh2 Qg3 40. Qe2 Qg2
41. Nb3 Qxe2 0-1

[Event "Vietnam National Masters Women 2012"]
[Site "Ho Chi Minh City VIE"]
[Date "2012.11.30"]
[Round "2.9"]
[White "Tran,Thi Kim Cuong"]
[Black "Le Thi Ha"]
[Result "1-0"]
[WhiteElo "1855"]
[BlackElo "1944"]
[WhiteFideId "12407291"]
[BlackFideId "12401994"]
[EventDate "2012.11.29"]

1. d4 Nf6 2. c4 e6 3. Nf3 b6 4. Nc3 Bb4 5. Bg5 h6 6. Bh4 Bxc3+ 7. bxc3 Bb7 8. e3
d6 9. Bd3 Nbd7 10. O-O e5 11. Bf5 e4 12. Nd2 g5 13. Bg3 O-O 14. h4 Re8 15. Re1
Nf8 16. hxg5 hxg5 17. f4 gxf4 18. Bxf4 Bc8 19. Bg5 Bxf5 20. Rf1 Bg6 21. Bxf6 Qd7
22. d5 Nh7 23. Bh4 Re5 24. Rf4 Rae8 25. Qe1 c6 26. dxc6 Qxc6 27. Qg3 d5 28. Raf1
Rh5 29. Rxf7 Rf8 30. R1f6 Qxf6 31. Rxf6 Rxf6 32. Bxf6 1-0

[Event "Vietnam National Masters Women 2012"]
[Site "Ho Chi Minh City VIE"]
[Date "2012.11.30"]
[Round "2.10"]
[White "Tran,Thi Mong Thu"]
[Black "Nguyen Thi Hanh"]
[Result "1-0"]
[WhiteElo "1847"]
[BlackElo "1884"]
[WhiteFideId "12403415"]
[BlackFideId "12401200"]
[EventDate "2012.11.29"]

1. e4 e5 2. Nf3 Nf6 3. Nxe5 d6 4. Nf3 Nxe4 5. d4 d5 6. Bd3 Be7 7. O-O Nc6 8. h3
O-O 9. c3 Be6 10. Re1 f5 11. Qc2 Bd6 12. b3 Qf6 13. a3 Rae8 14. Nbd2 Kh8 15. Nf1
a6 16. Rd1 Ne7 17. c4 c6 18. c5 Bb8 19. Rb1 Ng6 20. b4 Nh4 21. Be2 f4 22. N1h2
Nxf3+ 23. Nxf3 Qg6 24. Rb3 Qh6 25. a4 Bf5 26. Qb2 Bc7 27. b5 axb5 28. axb5 Qe6
29. Bf1 Bg6 30. bxc6 bxc6 31. Rb7 Bd8 32. Re1 Bh5 33. Ne5 Ba5 34. Rxe4 dxe4 35.
Bc4 Qc8 36. Ra7 Bc7 37. Ba6 Qb8 38. Nxc6 Qxb2 39. Bxb2 Bb8 40. Rb7 e3 41. d5 Bf7
42. Kf1 h6 43. d6 Rc8 44. Rxf7 1-0

[Event "Vietnam National Masters Women 2012"]
[Site "Ho Chi Minh City VIE"]
[Date "2012.11.30"]
[Round "3.2"]
[White "Hoang Thi Bao Tram"]
[Black "Doan,Thi Hong Nhung"]
[Result "1-0"]
[WhiteTitle "WGM"]
[WhiteElo "2317"]
[BlackElo "1849"]
[WhiteFideId "12401102"]
[BlackFideId "12403547"]
[EventDate "2012.11.29"]

1. d4 d5 2. Nf3 Nf6 3. Bf4 Bf5 4. c4 e6 5. Qb3 Qc8 6. Nc3 c6 7. Rc1 dxc4 8. Qxc4
Nbd7 9. Nb5 Nb6 10. Qb3 Nbd5 11. Nd6+ Bxd6 12. Bxd6 Qd7 13. Ba3 Ne7 14. Ne5 Qc7
15. f3 O-O 16. e4 Bg6 17. Bc4 Rad8 18. Rd1 Rfe8 19. O-O Nd7 20. Ng4 c5 21. dxc5
Nxc5 22. Qb5 Nd7 23. Bd6 Qb6+ 24. Qxb6 Nxb6 25. Bb5 Nc6 26. Bc7 Rxd1 27. Rxd1
Rc8 28. Bxb6 axb6 29. Rd7 f5 30. Bxc6 fxg4 31. Bxb7 Rc1+ 32. Kf2 Rc2+ 33. Kg3
gxf3 34. gxf3 Rxb2 35. Re7 Rxa2 36. Rxe6 Rb2 37. Bd5 Kf8 38. Rc6 b5 39. f4 b4
40. Rc8+ Ke7 41. Rc7+ Kf8 42. Rb7 Be8 43. f5 h5 44. h3 Rb1 45. Kh4 g6 46. f6 Rf1
47. e5 Rd1 48. Be6 Rd4+ 49. Kg3 h4+ 50. Kf2 Rf4+ 51. Ke3 Rf3+ 52. Ke4 1-0

[Event "Vietnam National Masters Women 2012"]
[Site "Ho Chi Minh City VIE"]
[Date "2012.11.30"]
[Round "3.3"]
[White "Bui Kim Le"]
[Black "Le Kieu Thien Kim"]
[Result "1/2-1/2"]
[WhiteTitle "WIM"]
[BlackTitle "WIM"]
[WhiteElo "2098"]
[BlackElo "2261"]
[WhiteFideId "12400874"]
[BlackFideId "12400572"]
[EventDate "2012.11.29"]

1. e4 Nf6 2. Nc3 d5 3. exd5 Nxd5 4. d4 Nc6 5. Bb5 Nxc3 6. Bxc6+ bxc6 7. bxc3 Qd5
8. Qf3 Bf5 9. Qxd5 cxd5 10. Bf4 Bxc2 11. Kd2 Bf5 12. Bxc7 Rc8 13. Bf4 e6 14. a4
h6 15. h4 Be7 16. Ne2 Kd7 17. Ra2 Rc6 18. a5 Rhc8 19. f3 h5 20. g3 Bd8 21. Rha1
Bc7 22. Bxc7 R8xc7 23. Rb2 f6 24. Ra3 e5 25. Rb5 Kd6 26. a6 Bc8 27. Raa5 Be6 28.
Ra3 Bc8 29. Raa5 Be6 1/2-1/2

[Event "Vietnam National Masters Women 2012"]
[Site "Ho Chi Minh City VIE"]
[Date "2012.11.30"]
[Round "3.4"]
[White "Ngo Thi Kim Tuyen"]
[Black "Nguyen Thi Thanh An"]
[Result "0-1"]
[BlackTitle "WGM"]
[WhiteElo "2078"]
[BlackElo "2318"]
[WhiteFideId "12400505"]
[BlackFideId "12400300"]
[EventDate "2012.11.29"]

1. Nf3 g6 2. g3 Bg7 3. Bg2 Nf6 4. O-O O-O 5. c4 c5 6. Nc3 d5 7. cxd5 Nxd5 8. Qb3
Nb6 9. d3 Nc6 10. Bd2 Bg4 11. Qd1 c4 12. Be3 cxd3 13. Qxd3 Qxd3 14. exd3 Rfd8
15. Ng5 Bxc3 16. bxc3 Be2 17. Rfe1 Bxd3 18. Bxb6 axb6 19. Bxc6 bxc6 20. Rxe7 Bc4
21. a3 Rd3 22. Re3 Rxe3 23. fxe3 Rd8 24. Nf3 f6 25. Rb1 b5 26. Nd4 Bd5 27. Kf2
Ra8 28. Ra1 Ra5 29. Ke2 c5 30. Nc2 Be4 31. Kd2 Kf7 32. Kc1 Ke6 33. Ne1 Ra8 34.
Ra2 Ra6 35. Nc2 Kd5 36. Kb2 Bxc2 37. Kxc2 Kc4 38. Ra1 b4 39. cxb4 cxb4 40. a4
Re6 41. Rf1 f5 42. Rf3 Kc5 43. h3 Re4 44. h4 Rc4+ 45. Kb2 Rc3 46. h5 Ra3 47.
hxg6 hxg6 48. g4 fxg4 49. Rg3 Rxa4 50. Rxg4 Ra6 51. Kc2 Rb6 52. Rg5+ Kc4 53.
Rg4+ Kd5 54. Kd3 Ke5 55. Rg5+ Kf6 56. Rg2 b3 57. Rb2 Ke5 58. Ke2 Ke4 59. Kd2 g5
60. Ke2 g4 61. Kf2 Ke5 0-1

[Event "Vietnam National Masters Women 2012"]
[Site "Ho Chi Minh City VIE"]
[Date "2012.11.30"]
[Round "3.5"]
[White "Huynh,T"]
[Black "Pham Bich Ngoc"]
[Result "0-1"]
[BlackTitle "WIM"]
[WhiteElo "1859"]
[BlackElo "2181"]
[WhiteFideId "12403482"]
[BlackFideId "12401285"]
[EventDate "2012.11.29"]

1. e4 c5 2. Nf3 Nc6 3. d4 cxd4 4. Nxd4 g6 5. Be3 Bg7 6. c3 Nf6 7. Nd2 d5 8. Bb5
Bd7 9. Qa4 Qc7 10. exd5 Nxd5 11. Nc4 O-O 12. Bxc6 bxc6 13. Qd1 Rfd8 14. Qf3 c5
15. Ne2 Bb5 16. Nd2 Bc6 17. Qh3 Nxe3 18. fxe3 Qb7 19. Nf3 Qxb2 20. O-O Qxe2 21.
Ng5 Qxg2+ 22. Qxg2 Bxg2 23. Kxg2 Rd2+ 24. Kh3 f5 25. e4 Bxc3 26. Rac1 Rd3+ 27.
Kg2 Bd2 28. Rcd1 c4 29. Ne6 c3 30. Nc5 Rdd8 31. Nb3 fxe4 0-1

[Event "Vietnam National Masters Women 2012"]
[Site "Ho Chi Minh City VIE"]
[Date "2012.11.30"]
[Round "3.6"]
[White "Tran,Thi Kim Cuong"]
[Black "Ton,N"]
[Result "1-0"]
[BlackTitle "WF"]
[WhiteElo "1855"]
[BlackElo "2011"]
[WhiteFideId "12407291"]
[BlackFideId "12401803"]
[EventDate "2012.11.29"]

1. d4 Nf6 2. Nf3 e6 3. c4 b6 4. Nc3 Bb4 5. Bg5 Bb7 6. e3 h6 7. Bh4 g5 8. Bg3 Ne4
9. Qc2 Bxc3+ 10. bxc3 d6 11. Nd2 f5 12. f3 Nxg3 13. hxg3 Qf6 14. e4 Nd7 15.
O-O-O O-O-O 16. exf5 exf5 17. Bd3 Rhf8 18. Rde1 Kb8 19. Nb3 c5 20. Re2 Rc8 21.
Rhe1 cxd4 22. Re6 Qg7 23. Nxd4 Ne5 24. Bxf5 Rxc4 25. Rxd6 Nc6 26. Nxc6+ Bxc6 27.
Re3 Qc7 28. Rd4 Rc5 29. g4 h5 30. Qd2 hxg4 31. Bxg4 Kb7 32. Rd6 Rf4 33. Rd8 a6
34. Rc8 Qg7 35. Rd8 Qh7 36. Bh3 Rb4 37. Red3 Kc7 38. R8d7+ 1-0

[Event "Vietnam National Masters Women 2012"]
[Site "Ho Chi Minh City VIE"]
[Date "2012.11.30"]
[Round "3.7"]
[White "Doan,T"]
[Black "Tran,Thi Mong Thu"]
[Result "1-0"]
[WhiteElo "1991"]
[BlackElo "1847"]
[WhiteFideId "12400491"]
[BlackFideId "12403415"]
[EventDate "2012.11.29"]

1. d4 d5 2. Nf3 Nf6 3. c4 c6 4. Nc3 g6 5. Bf4 Bg7 6. cxd5 cxd5 7. Bxb8 Rxb8 8.
Qa4+ Bd7 9. Qxa7 O-O 10. Qa3 Re8 11. e3 Qb6 12. Qb3 Qa5 13. Bd3 b5 14. Ne5 b4
15. Nxd7 bxc3 16. Nxf6+ Bxf6 17. Qxc3 Qb6 18. O-O e5 19. Qc5 exd4 20. exd4 Bxd4
21. Qxd5 Qxb2 22. Rab1 Qc3 23. Bc4 Bxf2+ 24. Kh1 Qf6 25. Qxf7+ Qxf7 26. Bxf7+
Kxf7 27. Rxf2+ Kg7 28. Ra1 Ra8 29. Kg1 Ra3 30. Rf3 Ra4 31. Kf2 h5 32. a3 Rb8 33.
Ra2 g5 34. Ke2 Kg6 35. Kd2 Rb6 36. Kc2 Re4 37. Kd3 Rh4 38. h3 Ra4 39. Kc3 Rb5
40. Rd3 Ra6 41. a4 Rc6+ 42. Kd2 Rf5 43. Ke2 Rcf6 44. Rf3 Re6+ 45. Kd3 Ra5 46.
Kc3 Re4 47. Kb3 Rd4 48. Rc3 Kf6 49. Rc4 Rd1 50. Kb4 Re5 51. Rc6+ Ke7 52. Rac2
Rb1+ 53. Ka3 Ra1+ 54. Kb3 Re3+ 55. Kb4 Re4+ 56. R6c4 Re3 57. Kb5 Rb1+ 58. Ka6
Re6+ 59. Rc6 Re4 60. a5 Kd7 61. Rb6 Ra1 62. Rb7+ Kd6 63. Rb5 Kd7 64. Kb7 Rea4
65. Rd2+ Ke6 66. Rdd5 1-0

[Event "Vietnam National Masters Women 2012"]
[Site "Ho Chi Minh City VIE"]
[Date "2012.11.30"]
[Round "3.8"]
[White "Tran Le Dan Thuy"]
[Black "Nguyen,Thi Minh Thu"]
[Result "1-0"]
[WhiteElo "1884"]
[BlackElo "1645"]
[WhiteFideId "12403407"]
[BlackFideId "12406929"]
[EventDate "2012.11.29"]

1. d4 d6 2. c4 g6 3. Nc3 Bg7 4. Nf3 Nf6 5. e4 O-O 6. Be2 c5 7. d5 Nbd7 8. O-O
Ne8 9. Qc2 Ne5 10. Nxe5 Bxe5 11. f4 Bd4+ 12. Kh1 f5 13. Bd3 Ng7 14. Re1 fxe4 15.
Nxe4 e6 16. Ng5 exd5 17. cxd5 a6 18. a4 Qf6 19. Rb1 Bf5 20. Bd2 Rae8 21. Bxf5
Qxf5 22. Qb3 Qd7 23. Ne6 Nxe6 24. dxe6 Qc6 25. Re2 d5 26. Rbe1 Rf6 27. e7 Rf7
28. Bc3 c4 29. Qa3 Bxc3 30. bxc3 Rxf4 31. h3 Rf6 32. a5 Qd6 33. Qb2 b5 34. axb6
Qxb6 35. Qa3 Qd6 36. Qa4 Kf7 37. Re5 Rf2 38. Kg1 Qc5 39. Kh2 Rf6 40. Kh1 Qf2 41.
Qd7 Qd2 42. Re6 Rf2 43. R6e3 Rf6 44. R1e2 Qd1+ 45. Kh2 a5 46. Rb2 Qc1 47. Qxe8+
Kxe8 48. Rb8+ Kf7 49. e8=Q+ Kg7 50. Qe5 Qf1 51. Rf3 1-0

[Event "Vietnam National Masters Women 2012"]
[Site "Ho Chi Minh City VIE"]
[Date "2012.11.30"]
[Round "3.9"]
[White "Le Thi Ha"]
[Black "Nguyen,Thi Thuy Trien"]
[Result "1-0"]
[BlackTitle "WF"]
[WhiteElo "1944"]
[BlackElo "1963"]
[WhiteFideId "12401994"]
[BlackFideId "12404179"]
[EventDate "2012.11.29"]

1. d4 d5 2. Nf3 e6 3. e3 f5 4. c4 c6 5. Nbd2 Bd6 6. g3 Nf6 7. Bg2 Nbd7 8. b3 e5
9. c5 Bc7 10. dxe5 Nxe5 11. O-O O-O 12. Bb2 Nd3 13. Bd4 Qe7 14. Qc2 Ne5 15. Qb2
Nxf3+ 16. Nxf3 Ne4 17. b4 b6 18. cxb6 axb6 19. Rfc1 c5 20. bxc5 bxc5 21. Bc3 Ba6
22. Qc2 Rfd8 23. Bb2 Kh8 24. Nh4 Rf8 25. Bxe4 fxe4 26. Qxc5 Bd6 27. Qxd5 Bd3 28.
Nf5 Rxf5 29. Qxf5 Rf8 30. Rc8 1-0

[Event "Vietnam National Masters Women 2012"]
[Site "Ho Chi Minh City VIE"]
[Date "2012.12.01"]
[Round "4.1"]
[White "Le Thanh Tu"]
[Black "Hoang Thi Bao Tram"]
[Result "1/2-1/2"]
[WhiteTitle "WGM"]
[BlackTitle "WGM"]
[WhiteElo "2327"]
[BlackElo "2317"]
[WhiteFideId "12401005"]
[BlackFideId "12401102"]
[EventDate "2012.11.29"]

1. d4 d5 2. c4 c6 3. cxd5 cxd5 4. Nf3 Nf6 5. Nc3 Nc6 6. Bf4 Bf5 7. e3 e6 8. Bd3
Bxd3 9. Qxd3 Bd6 10. Bxd6 Qxd6 11. O-O O-O 12. Rac1 Rac8 13. h3 h6 14. Rfd1 a6
15. Na4 Nd7 16. Qe2 Ne7 17. a3 Rxc1 18. Rxc1 Rc8 19. Rxc8+ Nxc8 20. Qc2 Ne7 21.
b4 Qc6 22. Qxc6 Nxc6 23. Nc5 1/2-1/2

[Event "Vietnam National Masters Women 2012"]
[Site "Ho Chi Minh City VIE"]
[Date "2012.12.01"]
[Round "4.2"]
[White "Pham Thi Thu Hien"]
[Black "Bui Kim Le"]
[Result "1-0"]
[BlackTitle "WIM"]
[WhiteElo "2105"]
[BlackElo "2098"]
[WhiteFideId "12402575"]
[BlackFideId "12400874"]
[EventDate "2012.11.29"]

1. d4 Nf6 2. c4 g6 3. Nc3 d5 4. Nf3 Bg7 5. e3 O-O 6. Be2 dxc4 7. Bxc4 c5 8. O-O
Nc6 9. dxc5 Qa5 10. Bb5 Ne4 11. Nxe4 Qxb5 12. Qb3 Qxb3 13. axb3 Be6 14. Ra3 h6
15. Nc3 Rfd8 16. e4 Nb4 17. Nb5 Na6 18. Be3 Bxb2 19. Ra2 Bg7 20. c6 Nb4 21. cxb7
Nxa2 22. bxa8=Q Rxa8 23. Nc7 Rb8 24. Nxe6 fxe6 25. Bxa7 Rxb3 26. h3 Nc3 27. Re1
Rb1 28. Rxb1 Nxb1 29. e5 Kf7 30. g4 Ke8 31. Bd4 Na3 32. Kf1 Kd7 33. Nd2 Nb5 34.
Bb2 Kc6 35. f4 Kd5 36. Ke2 Na7 37. Ke3 Nc6 38. Nf3 Na5 39. Bc3 Nc4+ 40. Kd3 g5
41. fxg5 hxg5 42. Nxg5 Bxe5 43. Bxe5 Nxe5+ 44. Ke3 Ng6 45. Nf3 e5 46. h4 e4 47.
h5 Nf8 48. Ng5 Ke5 49. Nxe4 Ne6 50. Nd2 Kf6 51. Nf3 Nc5 52. Kd4 Ne6+ 53. Ke4
Nc5+ 54. Kd5 Nd3 55. Ke4 Nf2+ 56. Kf4 Nd3+ 57. Kg3 e5 58. Nd2 Nf4 59. Ne4+ Kg7
60. Kh4 Ne6 61. g5 Nd4 62. Kg4 Kh7 63. Nd6 Ne2 64. g6+ Kg7 65. Kg5 Nf4 66. h6+
Kg8 67. Kf6 1-0

[Event "Vietnam National Masters Women 2012"]
[Site "Ho Chi Minh City VIE"]
[Date "2012.12.01"]
[Round "4.5"]
[White "Doan,Thi Hong Nhung"]
[Black "Pham Bich Ngoc"]
[Result "0-1"]
[BlackTitle "WIM"]
[WhiteElo "1849"]
[BlackElo "2181"]
[WhiteFideId "12403547"]
[BlackFideId "12401285"]
[EventDate "2012.11.29"]

1. d4 f5 2. c4 Nf6 3. Nf3 g6 4. Nc3 Bg7 5. e3 O-O 6. g3 d6 7. Bg2 Nc6 8. O-O e5
9. Re1 Qe7 10. Rb1 Kh8 11. b4 Nd8 12. Ba3 e4 13. Nd2 Be6 14. Qc2 Nf7 15. Rec1 g5
16. Ne2 c6 17. c5 d5 18. b5 Nh5 19. Rb3 f4 20. gxf4 gxf4 21. f3 fxe3 22. Rxe3
Qg5 23. Nf1 Bh3 24. Neg3 Bxg2 25. Kxg2 Nh6 26. Rce1 Nf4+ 27. Kh1 Nd3 28. Rxd3
exd3 29. Qxd3 Qf4 30. Re7 Qxf3+ 31. Qxf3 Rxf3 32. Bc1 Rf7 33. Rxf7 Nxf7 34. bxc6
bxc6 35. Nf5 Rb8 36. Kg1 Rb1 37. Be3 Bf6 38. Kf2 Rb2+ 39. Kf3 Rxa2 40. h4 a5 41.
N1g3 a4 42. Nh5 Bd8 43. Nd6 Kg8 44. Kg4 Rg2+ 45. Kf5 a3 46. Ke6 Rg6+ 47. Kd7 a2 0-1

[Event "Vietnam National Masters Women 2012"]
[Site "Ho Chi Minh City VIE"]
[Date "2012.12.01"]
[Round "4.6"]
[White "Ngo Thi Kim Tuyen"]
[Black "Tran,Thi Kim Cuong"]
[Result "0-1"]
[WhiteElo "2078"]
[BlackElo "1855"]
[WhiteFideId "12400505"]
[BlackFideId "12407291"]
[EventDate "2012.11.29"]

1. Nf3 Nf6 2. b3 e6 3. Bb2 b6 4. e3 Bb7 5. d4 d6 6. Nbd2 Be7 7. Bd3 O-O 8. O-O
c5 9. c4 Nc6 10. Rc1 Re8 11. Bb1 Bf8 12. Qe2 Qe7 13. Rfd1 Rad8 14. e4 e5 15.
dxc5 dxc5 16. a3 Nd4 17. Nxd4 exd4 18. Re1 Qe5 19. f3 Bd6 20. Nf1 Nh5 21. Qf2
Re6 22. Rcd1 g5 23. g3 Rf6 24. Qg2 Qe6 25. Bc1 h6 26. Qe2 Qh3 27. Qg2 Qe6 28.
Bd3 Be5 29. Re2 Kh8 30. Kf2 Qg4 31. h3 Qe6 32. Ke1 Qd6 33. Kd2 Bxg3 34. Kc2 Bf4
35. Qg4 Ng7 36. Nd2 Bc8 37. Qg2 Qe5 38. Rh1 Nh5 39. Rg1 Be3 40. Rxe3 dxe3 41.
Bb2 Qd6 42. Qf1 Nf4 43. e5 Qxd3+ 44. Qxd3 Rxd3 45. Ne4 Re6 46. Nd6 Rd2+ 47. Kb1
e2 0-1

[Event "Vietnam National Masters Women 2012"]
[Site "Ho Chi Minh City VIE"]
[Date "2012.12.01"]
[Round "4.7"]
[White "Nguyen,Thi Thu Huyen"]
[Black "Nguyen Thi Hanh"]
[Result "0-1"]
[WhiteElo "2082"]
[BlackElo "1884"]
[WhiteFideId "12404365"]
[BlackFideId "12401200"]
[EventDate "2012.11.29"]

1. d4 d5 2. c4 c6 3. Nc3 Nf6 4. Nf3 dxc4 5. e3 Bg4 6. Bxc4 e6 7. Qb3 Qc7 8. Ne5
Bf5 9. f4 Bd6 10. h3 O-O 11. O-O Bxe5 12. fxe5 Ne4 13. Nxe4 Bxe4 14. Bxe6 Bg6
15. Bc4 Nd7 16. Bd2 Nb6 17. Ba5 Rfe8 18. Rf2 Rad8 19. Raf1 Re7 20. Bb4 Nxc4 21.
Bxe7 Qxe7 22. Qxc4 h6 23. b4 Rd5 24. a4 a6 25. Rf4 Qd8 26. R1f2 Qd7 27. Rb2 Kh7
28. Qc3 Qe7 29. Kh2 Qd8 30. Rd2 Rd7 31. e4 Qg5 32. Rg4 Qd8 33. Qc4 Qe7 34. Qc5
Qe6 35. Kh1 Qb3 36. d5 Bxe4 37. d6 Qxh3+ 38. Kg1 Qxg4 39. a5 Bd5 40. Rf2 Qd1+
41. Kh2 Qh5+ 42. Kg1 Qxe5 43. Qc2+ g6 44. Re2 Qxd6 45. Qc3 Re7 46. Rf2 Qe5 47.
Qc5 Qg5 48. Qc3 Re3 49. Qd2 Rg3 0-1

[Event "Vietnam National Masters Women 2012"]
[Site "Ho Chi Minh City VIE"]
[Date "2012.12.01"]
[Round "4.8"]
[White "Ton,N"]
[Black "Huynh,T"]
[Result "1-0"]
[WhiteTitle "WF"]
[WhiteElo "2011"]
[BlackElo "1859"]
[WhiteFideId "12401803"]
[BlackFideId "12403482"]
[EventDate "2012.11.29"]

1. d4 g6 2. c4 Bg7 3. Nc3 b6 4. e4 Bb7 5. f3 e6 6. Nge2 d6 7. Be3 Nd7 8. Qd2 a6
9. h4 h5 10. g3 Qe7 11. O-O-O O-O-O 12. Kb1 Ngf6 13. Bh3 Kb8 14. Rhe1 Nh7 15.
Nc1 Ka8 16. Nb3 Nb8 17. Qf2 Nf8 18. f4 Nfd7 19. e5 dxe5 20. dxe5 Nc6 21. Bg2
Rhe8 22. Bf3 Qb4 23. c5 Ndxe5 24. fxe5 Bxe5 25. Qg2 Rxd1+ 26. Rxd1 Nd8 27. cxb6
c6 28. Ne4 a5 29. Bd2 Qxb6 1-0

[Event "Vietnam National Masters Women 2012"]
[Site "Ho Chi Minh City VIE"]
[Date "2012.12.01"]
[Round "4.9"]
[White "Nguyen,Thi Minh Thu"]
[Black "Le Thi Ha"]
[Result "0-1"]
[WhiteElo "1645"]
[BlackElo "1944"]
[WhiteFideId "12406929"]
[BlackFideId "12401994"]
[EventDate "2012.11.29"]

1. e4 d6 2. d4 g6 3. Bd3 Bg7 4. c3 Nd7 5. Be3 e5 6. Ne2 Ne7 7. O-O O-O 8. Qd2 f5
9. exf5 Nxf5 10. Bg5 Bf6 11. f4 exd4 12. Bxf5 gxf5 13. Nxd4 Nc5 14. Bxf6 Qxf6
15. Qe3 b6 16. Nd2 Bb7 17. Rae1 Kh8 18. N2f3 Ba6 19. Ne2 Rae8 20. Qd2 Re7 21.
Nfd4 Rfe8 22. Rf3 Ne4 23. Qc2 c5 24. Nc6 Rc7 25. Qa4 Bxe2 26. Nd4 b5 27. Qa5
cxd4 28. Qxc7 Bxf3 29. gxf3 Qg6+ 30. Kf1 Rg8 31. Ke2 Qg2+ 32. Kd1 Qd2# 0-1

[Event "Vietnam National Masters Women 2012"]
[Site "Ho Chi Minh City VIE"]
[Date "2012.12.02"]
[Round "5.1"]
[White "Nguyen Thi Thanh An"]
[Black "Le Thanh Tu"]
[Result "0-1"]
[WhiteTitle "WGM"]
[BlackTitle "WGM"]
[WhiteElo "2318"]
[BlackElo "2327"]
[WhiteFideId "12400300"]
[BlackFideId "12401005"]
[EventDate "2012.11.29"]

1. d4 c5 2. d5 Nf6 3. c4 e6 4. Nc3 exd5 5. cxd5 d6 6. Nf3 g6 7. h3 Bg7 8. e4 a6
9. a4 Nbd7 10. Bd3 Nh5 11. Bg5 Bf6 12. Bh6 Ne5 13. Be2 Nxf3+ 14. Bxf3 Ng7 15.
O-O O-O 16. Bg4 Re8 17. Qf3 Be5 18. Bxc8 Rxc8 19. Bf4 Bd4 20. Ne2 Bf6 21. Ng3
Qe7 22. Qb3 h5 23. Rfe1 h4 24. Nf1 Nh5 25. Bd2 b5 26. axb5 axb5 27. e5 Bxe5 28.
Qxb5 Rb8 29. Qc6 Rec8 30. Qa4 Qf6 31. Qg4 Nf4 32. Ra3 Nxd5 33. Bg5 Qe6 34. Qxh4
Rxb2 35. Rd3 Rb4 36. f4 Nxf4 37. Bxf4 Rxf4 38. Qg5 Qf6 39. Qxf6 Rxf6 40. Nd2 Re6
41. Nc4 Bd4+ 42. Kf1 Rce8 43. Red1 d5 44. Nd2 Re2 45. Nf3 Rf2+ 46. Kg1 Ree2 47.
Nxd4 Rxg2+ 48. Kf1 cxd4 49. Rxd4 Ref2+ 50. Ke1 Ra2 51. Kf1 Rh2 52. Kg1 Rag2+ 53.
Kf1 Rg5 54. Rxd5 Rxd5 55. Rxd5 Rxh3 56. Kg2 Rc3 57. Ra5 Kg7 58. Rb5 f5 59. Rb6
Kh6 60. Ra6 Kh5 61. Rf6 Kg5 62. Ra6 f4 63. Kf2 Kf5 64. Rb6 g5 65. Rb5+ Kg4 66.
Kg1 Rc2 67. Kf1 f3 68. Ke1 Kf4 69. Kf1 g4 70. Rb1 Rh2 71. Kg1 g3 72. Rb4+ Kg5
73. Rb5+ Kg4 74. Rb4+ Kh3 75. Rf4 f2+ 0-1

[Event "Vietnam National Masters Women 2012"]
[Site "Ho Chi Minh City VIE"]
[Date "2012.12.02"]
[Round "5.2"]
[White "Hoang Thi Bao Tram"]
[Black "Le Kieu Thien Kim"]
[Result "1/2-1/2"]
[WhiteTitle "WGM"]
[BlackTitle "WIM"]
[WhiteElo "2317"]
[BlackElo "2261"]
[WhiteFideId "12401102"]
[BlackFideId "12400572"]
[EventDate "2012.11.29"]

1. d4 d5 2. Nf3 c6 3. c4 Nf6 4. Nc3 Bf5 5. Qb3 Qb6 6. Qxb6 axb6 7. cxd5 Nxd5 8.
Nxd5 cxd5 9. e3 Nc6 10. Bd2 e6 11. Bb5 Bd6 12. O-O Ke7 13. Rfc1 Rhc8 14. Nh4 Bg6
15. g3 Bh5 16. Kg2 f6 17. Bd3 f5 18. f4 Nb4 19. Bxb4 Bxb4 20. Rxc8 Rxc8 21. Kf2
h6 22. Nf3 Bxf3 23. Kxf3 Bd6 24. h4 h5 25. a3 1/2-1/2

[Event "Vietnam National Masters Women 2012"]
[Site "Ho Chi Minh City VIE"]
[Date "2012.12.02"]
[Round "5.3"]
[White "Tran,Thi Kim Cuong"]
[Black "Pham Thi Thu Hien"]
[Result "0-1"]
[WhiteElo "1855"]
[BlackElo "2105"]
[WhiteFideId "12407291"]
[BlackFideId "12402575"]
[EventDate "2012.11.29"]

1. d4 d5 2. Nf3 Nf6 3. e3 c5 4. b3 Nc6 5. Bb2 cxd4 6. exd4 Bg4 7. Be2 e6 8. O-O
Be7 9. Nbd2 O-O 10. Ne5 Bxe2 11. Qxe2 Qb6 12. Ndf3 h6 13. Nxc6 bxc6 14. c4 dxc4
15. Qxc4 Rac8 16. Rac1 Rfd8 17. Qa4 Bd6 18. Rc4 Nd5 19. Rfc1 Ne7 20. b4 Qb5 21.
Qb3 Qd5 22. Qc2 Rb8 23. a3 a5 24. bxa5 Qb5 25. Ba1 Bxa3 26. Rf1 Ra8 27. Ne5 Qxa5
28. Nxc6 Nxc6 29. Rxc6 Be7 30. h3 Bf6 31. Rc4 Qa2 32. Qc1 Qa6 33. Rd1 Rd5 34.
Rc6 Qe2 35. Rc2 Qe4 36. Rc4 Rg5 37. g3 Rd5 38. Qe3 Qf5 39. h4 Bxh4 40. Rc5 Bg5
41. Qe2 Rxc5 42. dxc5 Qxc5 43. Bd4 Qf5 44. Rd3 Rc8 45. Bc3 Bf6 46. Bxf6 Qxf6 47.
Qd2 Ra8 48. Rc3 h5 49. Qc2 Ra1+ 50. Kg2 g6 51. Qb2 Ra5 52. Rc8+ Kg7 53. Rg8+
Kxg8 54. Qxf6 Rf5 55. Qd8+ Kg7 56. Qd4+ Kh7 57. Qe4 Kg7 58. f3 Kh7 59. Kh3 Kg7
60. Kg2 Kh7 61. g4 hxg4 62. fxg4 Rd5 63. Kg3 Kg8 64. Kh4 Kh7 65. Qf4 g5+ 0-1